Normal view
MARC view
- MIMO systems
Entry Topical Term
001 - CONTROL NUMBER
- control field: 97438
003 - CONTROL NUMBER IDENTIFIER
- control field: NUST
005 - DATE AND TIME OF LATEST TRANSACTION
- control field: 20220816122310.0
008 - FIXED-LENGTH DATA ELEMENTS
- fixed length control field: 220816|| aca||aabn | a|a d
040 ## - CATALOGING SOURCE
- Original cataloging agency: NUST
- Transcribing agency: NUST
150 ## - HEADING--TOPICAL TERM
- Topical term or geographic name entry element: MIMO systems
670 ## - SOURCE DATA FOUND
- Source citation: Work cat.: (NUST)189229: Kaiser, Thomas. 97437, Ultra wideband systems with MIMO /, 2010.
